Význam diplomovej práce v procese formovania návykov vedeckej práce

Význam, cieľ a základ diplomovej práce. Proces prípravy, vypracovania a obhajoby diplomovej práce. Osobitosti štruktúrnych častí diplomovej práce.

Gespeichert in:
Bibliographische Detailangaben
1. Verfasser: Gonda, Vladimír
Format: Buchkapitel
Sprache:Slowakisch
Schlagworte:
Tags: Tag hinzufügen
Keine Tags, Fügen Sie das erste Tag hinzu!

MARC

LEADER 00000naa a2200000 4500
001 r046486
005 20230929124606.8
041 0 |a slo 
044 |a CZ 
245 1 0 |a Význam diplomovej práce v procese formovania návykov vedeckej práce  |c Vladimír Gonda 
520 |a Význam, cieľ a základ diplomovej práce. Proces prípravy, vypracovania a obhajoby diplomovej práce. Osobitosti štruktúrnych častí diplomovej práce. 
610 2 0 |a práce diplomové 
610 2 0 |a práca vedecká 
610 2 0 |a informácie 
610 2 0 |a študenti 
610 2 0 |a literatúra 
610 2 0 |a štúdium doktorandské 
610 2 0 |a štúdium inžinierske 
100 1 |a Gonda, Vladimír